| 000 | 02249cam a22003854a 4500 | ||
|---|---|---|---|
| 001 | 13967304 | ||
| 003 | OSt | ||
| 005 | 20231202130659.0 | ||
| 008 | 050516s2006 wauab b 001 0 eng | ||
| 010 | _a 2005014154 | ||
| 015 |
_aGBA618742 _2bnb |
||
| 016 | 7 |
_a013391303 _2Uk |
|
| 020 | _a0295985313 (hardback : alk. paper) | ||
| 035 | _a(OCoLC)ocm60515102 | ||
| 040 |
_aDLC _cDLC _dYDXCP _dUKM _dBAKER _dIXA _dCOO _dOCLCQ _dDLC |
||
| 042 | _apcc | ||
| 043 | _aaz----- | ||
| 050 | 0 | 0 |
_aJA84.S64 _bE27 2006 |
| 082 | 0 | 0 |
_a320.540954 _bCED/E |
| 245 | 0 | 0 |
_aEcological nationalisms : _bnature, livelihoods, and identities in South Asia / _cedited by Gunnel Cederlöf and K. Sivaramakrishnan. |
| 260 |
_aSeattle : _bUniversity of Washington Press, _cc2006. |
||
| 300 |
_axiii, 399 p. : _bill., maps ; _c24 cm. |
||
| 440 | 0 | _aCulture, place, and nature | |
| 504 | _aIncludes bibliographical references (p. [326]-371) and index. | ||
| 505 | 0 | _aEcological nationalisms / K. Sivaramakrishnan and Gunnel Cederlöf -- Environmental history, the spice trade, and the state in South India / Kathleen D. Morrison -- The Toda tiger / Gunnel Cederlöf -- Contested forests in north-west Pakistan / Urs Geiser -- Indigenous forests / Vinita Damodaran -- Nature and politics / Antje Linkenbach -- Indigenous natures / Bengt G. Karlsson -- Sacred forests of Kodagu / Claude A. Garcia and J.-P. Pascal -- Knowledge against the state / Götz Hoeppe -- Shifting cultivation, images, and development in the Chittagong Hill Tracts of Bangladesh / Wolfgang Mey -- Forest management in a Pukhtun community / Sarah Southwold-Llewellyn -- "There is no life without wildlife" / Nina Bhatt. | |
| 650 | 0 |
_aPolitical science _zSouth Asia. |
|
| 650 | 0 |
_aPolitical ecology _zSouth Asia. |
|
| 650 | 0 | _aNation-state. | |
| 700 | 1 |
_aCederlöf, Gunnel _99974 |
|
| 700 | 1 |
_aSivaramakrishnan, K., _d1957- _99975 |
|
| 856 | 4 | 1 |
_3Table of contents _uhttp://www.loc.gov/catdir/toc/ecip0513/2005014154.html |
| 906 |
_a7 _bcbc _corignew _d1 _eecip _f20 _gy-gencatlg |
||
| 942 |
_2ddc _cBK _h320.540954 _iCED/E _k320.540954 _mCED/E |
||
| 999 |
_c43892 _d43892 |
||